Statistiken für DFB-Pokal Torschützen 2022/23

Klicken Sie hier um das Quiz zu spielen!

Allgemein

  • Dieses Quiz wurde 177 mal gespielt
  • Das Durchschnittsergebnis liegt bei 5 aus 11

Antwortstatistiken

ToreVereinSpieler% Korrekt
6Eintracht FrankfurtRandal Kolo Muani
81%
3RB LeipzigChristopher Nkunku
77%
5RB LeipzigTimo Werner
76%
3FC Bayern MünchenJamal Musiala
61%
3FC Bayern MünchenEric Maxim Choupo-Moting
57%
3Borussia MönchengladbachMarcus Thuram
55%
4Eintracht FrankfurtDaichi Kamada
39%
3RB LeipzigDominik Szoboszlai
27%
4SC Paderborn 07Marvin Pieringer
17%
3FC Schalke 04Dominick Drexler
14%
3Karlsruher SCFabian Schleusener
10%

Verteilung der Resultate

Perzentil nach korrekt beantworteten Fragen

Anzahl Personen mit jedem Resultat

Ihre Resultats-Entwicklung

Sie haben dieses Quiz noch nicht gespielt